Political Advertising on US Television at the Beginning of the 21st Century

Elmentve itt :
Bibliográfiai részletek
Szerző: Gyertyános Júlia
További közreműködők: Vajda Zoltán (Témavezető)
Dokumentumtípus: Szakdolgozat
Megjelent: 2015
Tárgyszavak:
Online Access:http://diploma.bibl.u-szeged.hu/58538
LEADER 00609nta a2200157 i 4500
001 dipl58538
005 20161115125624.0
008 161115s2015 hu om 0|| eng d
040 |a SZTE Diploma Repozitórium  |b hun 
041 |a eng 
100 1 |a Gyertyános Júlia 
245 1 0 |a Political Advertising on US Television at the Beginning of the 21st Century  |h [elektronikus dokumentum] /  |c Júlia Gyertyános 
260 |c 2015 
650 4 |a Bölcsészettudományok 
700 1 |a Vajda Zoltán  |e ths 
856 4 0 |u http://diploma.bibl.u-szeged.hu/id/eprint/58538/1/2016_Gyerty%C3%A1nos_J%C3%BAlia_GYJTAAB_SZE_SZ.pdf  |z Dokumentum-elérés